RCD Mallorca Squad 2012-2013 - Statistics

General Stats
  • This quiz has been taken 6 times
  • The average score is 14 of 27
Answer Stats
# Position Nation Player % Correct
2 DF Scotland Alan Hutton
100%
13 GK Israel Dudu Aouate
100%
12 MF Argentina Fernando Tissone
100%
9 FW Mexico Giovani dos Santos
100%
16 DF Portugal José Nunes
100%
23 DF Spain Kevin García
100%
14 DF Brazil Pedro Geromel
100%
10 FW Israel Tomer Hemed
100%
24 DF Spain Andreu Fontàs
50%
6 DF Spain Antonio López
50%
20 DF Spain Antonio Luna
50%
8 FW Spain Emilio Nsue
50%
- Coach Spain Gregorio Manzano
50%
3 MF Brazil João Victor
50%
- Coach Spain Joaquín Caparrós
50%
7 FW France Michaël Pereira
50%
17 DF Spain Pedro Bigas
50%
5 MF Spain Tomás Pina
50%
18 FW Spain Víctor Casadesús
50%
21 FW Spain Alejandro Alfaro
0%
4 DF Brazil Anderson Conceição
0%
22 FW Spain Javier Arizmendi
0%
11 MF Spain Javi Márquez
0%
19 MF Spain Josep Lluís Martí
0%
1 GK Spain Juan Calatayud
0%
25 GK Spain Rubén Miño
0%
27 DF Spain Ximo Navarro
0%
No matching quizzes found
Score Distribution
Percent of People with Each Score
Percentile by Number Answered
Your Score History
You have not taken this quiz